[Event "Asian Open Men"]
[Site "Ho Chi Minh"]
[Date "2012.05.12"]
[Round "8"]
[Board "14"]
[White "Nezad, Husein Aziz"]
[Black "Xiu, Deshun"]
[Result "0-1"]
[WhiteElo "2393"]
[BlackElo "2494"]
[PlyCount "102"]
[EventDate "2012.05.05"]
[EventRounds "9"]
[EventCountry "VIE"]

1. d4 Nf6 2. c4 e6 3. Nc3 Bb4 4. Qc2 d5 5. a3 Bxc3+ 6. Qxc3 Ne4 7. Qc2 e5 8.
cxd5 Bf5 9. Qa4+ Nd7 10. g4 Bg6 11. Bg2 O-O 12. Nf3 Nb6 13. Qd1 exd4 14. Qxd4
Qxd5 15. Qxd5 Nxd5 16. h4 Nc5 17. Nd4 Ne6 18. Nxe6 fxe6 19. h5 Be8 20. Bd2 a5
21. Rc1 Bc6 22. O-O a4 23. Rfd1 Rf7 24. Bxd5 exd5 25. Bc3 Bb5 26. e3 c6 27. Rd2
Re8 28. Kg2 c5 29. Kg3 Bc6 30. Rcd1 b6 31. Kh2 Re4 32. Rg1 Kf8 33. Rg3 Ke7 34.
f4 Ke6 35. Kh3 Bb5 36. Kh2 Bc4 37. Kh3 Rd7 38. f5+ Kf7 39. Rf3 Rde7 40. f6 Rxe3
41. fxe7+ Rxf3+ 42. Kg2 Re3 43. Rf2+ Kxe7 44. Bxg7 Be2 45. Rf4 d4 46. h6 Bd3
47. g5 Bg6 48. Rf6 Re6 49. Kf2 Rxf6+ 50. gxf6+ Kf7 51. Ke2 b5 0-1

[Event "Asian Open Men"]
[Site "Ho Chi Minh"]
[Date "2012.05.12"]
[Round "8"]
[Board "15"]
[White "Farid, Firman Syah"]
[Black "Wang, Chen"]
[Result "0-1"]
[WhiteElo "2285"]
[BlackElo "2482"]
[PlyCount "90"]
[EventDate "2012.05.05"]
[EventRounds "9"]
[EventCountry "VIE"]

1. e4 c5 2. Nf3 e6 3. d3 Nc6 4. g3 d5 5. Nbd2 Nf6 6. Bg2 Be7 7. O-O O-O 8. Re1
Rb8 9. Qe2 b5 10. e5 Nd7 11. Nf1 b4 12. h4 Re8 13. N1h2 Qb6 14. Ng4 c4 15. Be3
cxd3 16. cxd3 Qb5 17. h5 Ba6 18. Bf1 b3 19. h6 Qb4 20. Bh3 g6 21. axb3 Bb5 22.
Qd1 Nc5 23. Bxc5 Qxc5 24. Qd2 Nd4 25. Qf4 Nf5 26. d4 Qc7 27. Ne3 Bd3 28. Bxf5
gxf5 29. Rec1 Qd7 30. Rc3 Be4 31. g4 Kh8 32. Ng5 Bd8 33. Nxe4 dxe4 34. gxf5
Rg8+ 35. Kh1 Qxd4 36. Rg1 Rxg1+ 37. Kxg1 Be7 38. Ng4 Rg8 39. Rg3 Bh4 40. fxe6
fxe6 41. Kg2 Qd8 42. Rh3 e3 43. Qe4 exf2 44. Rf3 Qd1 45. Rf4 Qg1+ 0-1

[Event "Asian Open Men"]
[Site "Ho Chi Minh"]
[Date "2012.05.12"]
[Round "8"]
[Board "17"]
[White "Gopal, G N"]
[Black "Nguyen, Huynh Minh Huy"]
[Result "1-0"]
[WhiteElo "2562"]
[BlackElo "2442"]
[PlyCount "109"]
[EventDate "2012.05.05"]
[EventRounds "9"]
[EventCountry "VIE"]

1. e4 c5 2. Nf3 d6 3. d4 cxd4 4. Nxd4 Nf6 5. Nc3 Nc6 6. Bg5 e6 7. Qd2 Be7 8.
O-O-O Qb6 9. Bxf6 Bxf6 10. Nxc6 bxc6 11. Na4 Qb7 12. Qxd6 Be7 13. Qg3 O-O 14.
Bc4 c5 15. Nc3 Rb8 16. b3 Bd7 17. f4 Bc6 18. Rhf1 Bxe4 19. Nxe4 Qxe4 20. Rd7
Bf6 21. Qf3 Qa8 22. f5 Kh8 23. Kb1 Qxf3 24. Rxf3 Rfd8 25. fxe6 fxe6 26. Rfd3
Rxd7 27. Rxd7 Rd8 28. Rxd8+ Bxd8 29. Bxe6 g5 30. Kb2 Bc7 31. h3 Kg7 32. Kc3 Kf6
33. Bg8 Ke5 34. Kc4 Kd6 35. Bxh7 a5 36. Be4 Bd8 37. Bf3 Bf6 38. c3 Be5 39. a4
Bf6 40. b4 cxb4 41. cxb4 axb4 42. Kxb4 Bd4 43. a5 Ba7 44. a6 Ke5 45. Kb5 Kd6
46. Kc4 Ke5 47. Bb7 Bg1 48. g3 Kd6 49. Kd3 Ke5 50. Ke2 Ba7 51. Kf3 Bb6 52. Kg4
Kf6 53. h4 gxh4 54. Kxh4 Be3 55. Kh5 1-0

[Event "Asian Open Men"]
[Site "Ho Chi Minh"]
[Date "2012.05.12"]
[Round "8"]
[Board "18"]
[White "Dao, Thien Hai"]
[Black "Deepan, Chakkravarthy J"]
[Result "1-0"]
[WhiteElo "2514"]
[BlackElo "2461"]
[PlyCount "88"]
[EventDate "2012.05.05"]
[EventRounds "9"]
[EventCountry "VIE"]

1. d4 Nf6 2. c4 g6 3. Nc3 d5 4. cxd5 Nxd5 5. e4 Nxc3 6. bxc3 c5 7. Bc4 Bg7 8.
Ne2 O-O 9. O-O Nc6 10. Be3 Bd7 11. Rb1 Qc7 12. Bf4 Qc8 13. d5 Na5 14. Bd3 e5
15. Bd2 c4 16. Bc2 b6 17. Qc1 Nb7 18. Bh6 Qc5 19. Ng3 Qe7 20. Qd2 Nd6 21. Rbe1
Rac8 22. Bg5 f6 23. Be3 Nf7 24. a4 h5 25. a5 Rb8 26. axb6 axb6 27. Ra1 Rb7 28.
Ra6 b5 29. d6 Qe6 30. f4 exf4 31. Bxf4 b4 32. Ne2 b3 33. Bb1 Rc8 34. Be3 Bb5
35. Nf4 Qd7 36. Nxg6 Bxa6 37. Ne7+ Kf8 38. e5 Rd8 39. exf6 Qe6 40. fxg7+ Kxg7
41. Bd4+ Kf8 42. Rf6 Qxf6 43. Bxf6 Rxd6 44. Ng6+ Kg8 1-0

[Event "Asian Open Men"]
[Site "Ho Chi Minh"]
[Date "2012.05.12"]
[Round "8"]
[Board "21"]
[White "Le, Quang Long"]
[Black "Kuderinov, Kirill"]
[Result "0-1"]
[WhiteElo "2351"]
[BlackElo "2493"]
[PlyCount "166"]
[EventDate "2012.05.05"]
[EventRounds "9"]
[EventCountry "VIE"]

1. d4 d5 2. Nf3 g6 3. c4 c6 4. Nc3 Bg7 5. cxd5 cxd5 6. Bf4 Nf6 7. e3 O-O 8. Bd3
Nc6 9. O-O Nh5 10. Bg5 h6 11. Bh4 Bf6 12. Bxf6 Nxf6 13. Rc1 Bg4 14. h3 Bxf3 15.
gxf3 e5 16. dxe5 Nxe5 17. Be2 Nc6 18. Nb5 Re8 19. Rc2 Qb6 20. Rd2 Rad8 21. Nd4
Nxd4 22. Rxd4 Qxb2 23. Qd2 Qxd2 24. Rxd2 Kf8 25. Rb1 Re7 26. Bf1 Rc8 27. Bg2
Rec7 28. Rbb2 b6 29. Bf1 Rc1 30. Kg2 Ke7 31. Bd3 R8c5 32. Rb4 Ra1 33. f4 Ra5
34. Rbb2 Ke6 35. Bc2 Rc5 36. Bb3 Ne4 37. Rd4 Nc3 38. e4 Re1 39. exd5+ Kd6 40.
Kf3 f5 41. Rd3 Ne4 42. Re3 Rh1 43. Rxe4 fxe4+ 44. Kxe4 Rxh3 45. Re2 Rh4 46. Kd3
Rxf4 47. Re6+ Kd7 48. Rxg6 h5 49. Rg7+ Kd6 50. Rxa7 Rc7 51. Ra8 Rh7 52. Ke3 Rf6
53. Rc8 Rhh6 54. Rc6+ Kd7 55. Rc1 h4 56. Rh1 Kd6 57. Rh3 Ke5 58. Ke2 Rf4 59.
Kf1 Rd4 60. Kg2 Rg6+ 61. Kf1 Rf6 62. Kg2 Rg4+ 63. Kf1 Rgf4 64. Kg1 Rg4+ 65. Kf1
Rd4 66. Kg2 Rd2 67. Rxh4 Rdxf2+ 68. Kg1 Rb2 69. Rh5+ Kf4 70. Rh3 Rd2 71. Rc3
Rg6+ 72. Kf1 Rh6 73. Kg1 b5 74. Rc8 Rf6 75. Rc3 Rg6+ 76. Kf1 Rh6 77. Kg1 Rdh2
78. Kf1 Rb2 79. Kg1 Rhh2 80. Rc8 Rhd2 81. Rc1 b4 82. d6 Kg3 83. Kf1 Rg2 0-1

[Event "Asian Open Men"]
[Site "Ho Chi Minh"]
[Date "2012.05.12"]
[Round "8"]
[Board "23"]
[White "Jumabayev, Rinat"]
[Black "Nguyen, Duc Hoa"]
[Result "0-1"]
[WhiteElo "2556"]
[BlackElo "2496"]
[PlyCount "86"]
[EventDate "2012.05.05"]
[EventRounds "9"]
[EventCountry "VIE"]

1. d4 d5 2. c4 c6 3. Nc3 e6 4. Nf3 dxc4 5. a4 Bb4 6. e3 b5 7. Bd2 a5 8. axb5
Bxc3 9. Bxc3 cxb5 10. b3 Bb7 11. bxc4 b4 12. Bb2 Nf6 13. Bd3 O-O 14. O-O Nbd7
15. Nd2 Bc6 16. e4 Nc5 17. Qc2 Nxd3 18. Qxd3 a4 19. d5 exd5 20. cxd5 Nxd5 21.
exd5 Qxd5 22. Qxd5 Bxd5 23. Rfb1 Rfc8 24. Bc1 Rcb8 25. f3 f6 26. Ne4 a3 27.
Bxa3 bxa3 28. Rxb8+ Rxb8 29. Rxa3 Bxe4 30. fxe4 Rb2 31. Kf1 Kf7 32. Ra7+ Kg6
33. Re7 Rb5 34. Kf2 Re5 35. Rxe5 fxe5 36. Kf3 Kh5 37. Kg3 Kg5 38. h4+ Kh5 39.
Kh3 g5 40. g4+ Kg6 41. Kg3 Kf6 42. Kh3 h6 43. hxg5+ hxg5 0-1

[Event "Asian Open Men"]
[Site "Ho Chi Minh"]
[Date "2012.05.12"]
[Round "8"]
[Board "25"]
[White "Narayanan, Srinath"]
[Black "Ju, Wenjun"]
[Result "0-1"]
[WhiteElo "2383"]
[BlackElo "2529"]
[PlyCount "114"]
[EventDate "2012.05.05"]
[EventRounds "9"]
[EventCountry "VIE"]

1. e4 c5 2. Nf3 d6 3. d4 cxd4 4. Nxd4 Nf6 5. Nc3 a6 6. Qf3 Bd7 7. h3 Nc6 8.
Nxc6 Bxc6 9. Be3 e6 10. O-O-O b5 11. Bd3 Be7 12. Ne2 O-O 13. Nd4 Bb7 14. g4 d5
15. e5 Ne4 16. Qg2 Qc7 17. f4 b4 18. Kb1 a5 19. Bxe4 dxe4 20. Ne2 a4 21. Rd2
Ba6 22. Rhd1 b3 23. a3 Rfb8 24. c4 Qxc4 25. Rc1 Qb5 26. Qxe4 Bb7 27. Qc4 Qe8
28. Nc3 Rc8 29. Qe2 Rc7 30. Bb6 Rc6 31. Qf2 Rac8 32. Rcd1 h6 33. f5 Rxc3 34.
bxc3 Bxa3 35. Rd8 Be4+ 36. Ka1 b2+ 37. Qxb2 Bxb2+ 38. Kxb2 exf5 39. Rxe8+ Rxe8
40. Bc7 Rc8 41. Bd6 fxg4 42. hxg4 Rc4 43. Bb4 Bf3 44. Rd8+ Kh7 45. Rd7 Rxg4 46.
Rxf7 Rg2+ 47. Kc1 Bd5 48. Ra7 Bb3 49. Kb1 h5 50. Be7 Rg4 51. Ra5 h4 52. e6 Kg6
53. Re5 h3 54. Bc5 Rg5 55. Rxg5+ Kxg5 56. e7 Bf7 57. Bd6 Kh4 0-1

[Event "Asian Open Men"]
[Site "Ho Chi Minh"]
[Date "2012.05.12"]
[Round "8"]
[Board "26"]
[White "Laylo, Darwin"]
[Black "Ton, That Nhu Tung"]
[Result "0-1"]
[WhiteElo "2502"]
[BlackElo "2144"]
[PlyCount "78"]
[EventDate "2012.05.05"]
[EventRounds "9"]
[EventCountry "VIE"]

1. d4 d5 2. Nf3 Nf6 3. c4 c6 4. e3 Bf5 5. Nc3 e6 6. Nh4 Bg6 7. Be2 Nbd7 8. O-O
Bd6 9. g3 Qe7 10. Qb3 Rb8 11. Rd1 a6 12. Nxg6 hxg6 13. a4 Ne4 14. Nxe4 dxe4 15.
Qc2 f5 16. f4 g5 17. Rf1 Qf6 18. Qd2 Ke7 19. b4 Rh3 20. Rf2 Rbh8 21. Bf1 R3h7
22. Ba3 Qg6 23. b5 gxf4 24. Bxd6+ Kxd6 25. exf4 Qxg3+ 26. Rg2 Qb3 27. Rc1 Nf6
28. Be2 Ke7 29. d5 c5 30. Rd1 exd5 31. cxd5 Rd8 32. d6+ Kf8 33. bxa6 bxa6 34.
Qa5 Qe3+ 35. Kh1 Rd7 36. Qxa6 g6 37. Qc4 Ne8 38. Rxg6 Rxh2+ 39. Kxh2 Qf2+ 0-1

[Event "Asian Open Men"]
[Site "Ho Chi Minh"]
[Date "2012.05.12"]
[Round "8"]
[Board "28"]
[White "Sethuraman, S P"]
[Black "Hamdani, Rudin"]
[Result "1-0"]
[WhiteElo "2546"]
[BlackElo "2322"]
[PlyCount "64"]
[EventDate "2012.05.05"]
[EventRounds "9"]
[EventCountry "VIE"]

1. Nf3 c5 2. e4 a6 3. Nc3 d6 4. d4 cxd4 5. Nxd4 Nf6 6. Bg5 Nbd7 7. Qe2 h6 8.
Bh4 Qc7 9. O-O-O g5 10. Bg3 e6 11. h4 Rg8 12. hxg5 hxg5 13. Qe3 Ne5 14. Nf3
Nfg4 15. Qd2 Be7 16. Be2 Bd7 17. Nxe5 Nxe5 18. Bh5 Rg7 19. Qe3 b5 20. a3 O-O-O
21. Be2 Qb7 22. f3 Kb8 23. Kb1 Rc8 24. Rd4 f6 25. Rhd1 Rgg8 26. a4 Rc5 27. axb5
axb5 28. Na2 Qc7 29. Qb3 Rc8 30. Rb4 Ka8 31. Bf2 Rb8 32. Nc3 Qa5 1-0

[Event "Asian Open Men"]
[Site "Ho Chi Minh"]
[Date "2012.05.12"]
[Round "8"]
[Board "30"]
[White "Pham, Chuong"]
[Black "Tu, Hoang Thai"]
[Result "1/2-1/2"]
[WhiteElo "2349"]
[BlackElo "2295"]
[PlyCount "138"]
[EventDate "2012.05.05"]
[EventRounds "9"]
[EventCountry "VIE"]

1. d4 Nf6 2. Nf3 d6 3. c4 Bg4 4. Nc3 Nbd7 5. e4 e5 6. Be2 Bxf3 7. Bxf3 exd4 8.
Qxd4 g6 9. O-O Bg7 10. g3 O-O 11. Bg2 Re8 12. Qd2 Nb6 13. Qd3 Nfd7 14. b3 Nc5
15. Qc2 Ne6 16. Be3 Nd4 17. Qd3 Qf6 18. Rac1 Nf3+ 19. Kh1 Ne5 20. Qe2 h5 21. h3
c6 22. Rfd1 Rad8 23. a4 Nc8 24. a5 a6 25. f4 Nd7 26. b4 Qe7 27. Bf2 Bh6 28. Qf3
Qe6 29. b5 Bg7 30. bxc6 bxc6 31. Na4 h4 32. g4 g5 33. fxg5 Ne7 34. Bxh4 Ne5 35.
Qf1 c5 36. Nb6 N7c6 37. Be1 Qg6 38. Bd2 Nd4 39. Be3 Nb3 40. Rb1 Nxa5 41. Ra1
Rb8 42. Rxa5 Rxb6 43. Ra4 Nc6 44. Qf5 Nd4 45. Bxd4 Bxd4 46. Rf1 Be5 47. h4 Reb8
48. h5 Qg7 49. Ra3 Rf8 50. Raf3 Rbb8 51. Ra3 Rb6 52. g6 Rb7 53. Raf3 Qh6 54.
Rh3 Re7 55. Rhf3 a5 56. Bh3 a4 57. Kg2 a3 58. Rxa3 fxg6 59. Qxf8+ Qxf8 60.
Rxf8+ Kxf8 61. Ra8+ Kg7 62. hxg6 Kxg6 63. g5 Kxg5 64. Rf8 Bg7 65. Rf5+ Kg6 66.
Rf3 Be5 67. Bf5+ Kg5 68. Rf2 Rb7 69. Be6 Rb2 1/2-1/2

[Event "Asian Open Men"]
[Site "Ho Chi Minh"]
[Date "2012.05.12"]
[Round "8"]
[Board "32"]
[White "Pitra, Andika"]
[Black "Li, Hanbin"]
[Result "1-0"]
[WhiteElo "2327"]
[BlackElo "2289"]
[PlyCount "63"]
[EventDate "2012.05.05"]
[EventRounds "9"]
[EventCountry "VIE"]

1. e4 c5 2. Nf3 Nc6 3. c3 Nf6 4. e5 Nd5 5. d4 d6 6. c4 Nb6 7. e6 fxe6 8. dxc5
dxc5 9. Qxd8+ Nxd8 10. Be3 Nd7 11. Nc3 a6 12. O-O-O Nf7 13. g3 b6 14. Bg2 Bb7
15. Rhe1 Rd8 16. Bh1 Bxf3 17. Bxf3 Nde5 18. Bb7 Nd6 19. Bxa6 Nexc4 20. Bf4 e5
21. Bxe5 Nxe5 22. Rxe5 g6 23. Nd5 Bh6+ 24. f4 O-O 25. Nxe7+ Kh8 26. Nc6 Ra8 27.
Rxd6 Rxa6 28. Rd7 b5 29. Ree7 Rxc6 30. Rxh7+ Kg8 31. Rxh6 Re6 32. Rdh7 1-0

[Event "Asian Open Men"]
[Site "Ho Chi Minh"]
[Date "2012.05.12"]
[Round "8"]
[Board "33"]
[White "Djuraev, Sokhib"]
[Black "Ferdiman, Tersiman"]
[Result "1-0"]
[WhiteElo "2375"]
[BlackElo "2009"]
[PlyCount "63"]
[EventDate "2012.05.05"]
[EventRounds "9"]
[EventCountry "VIE"]

1. e4 e5 2. f4 exf4 3. Nf3 d5 4. exd5 Nf6 5. c4 Bg4 6. d4 Bb4+ 7. Bd2 Qe7+ 8.
Qe2 Bxf3 9. gxf3 Bxd2+ 10. Nxd2 Qxe2+ 11. Bxe2 Nbd7 12. Kf2 O-O-O 13. Rhe1 Rde8
14. Bf1 Kd8 15. Ne4 Nxe4+ 16. fxe4 Nf6 17. Kf3 g5 18. e5 Ng8 19. h4 gxh4 20.
Bh3 Ne7 21. Rg1 Ng6 22. c5 f6 23. e6 Ke7 24. Bf5 Rd8 25. Ke4 Rhg8 26. Rg4 h3
27. Rh1 f3 28. Rxh3 f2 29. Rxh7+ Kf8 30. Bxg6 f5+ 31. Ke5 Rg7 32. Rxg7 1-0

[Event "Asian Open Men"]
[Site "Ho Chi Minh"]
[Date "2012.05.12"]
[Round "8"]
[Board "35"]
[White "Sapar, Emelbek"]
[Black "Bao, Khoa"]
[Result "1/2-1/2"]
[WhiteElo "2380"]
[BlackElo "2257"]
[PlyCount "119"]
[EventDate "2012.05.05"]
[EventRounds "9"]
[EventCountry "VIE"]

1. d4 Nf6 2. c4 e6 3. Nc3 Bb4 4. Qc2 d5 5. cxd5 exd5 6. Bg5 O-O 7. e3 h6 8. Bh4
Re8 9. Bd3 c5 10. Nge2 c4 11. Bh7+ Kh8 12. Bf5 Qd6 13. Bxc8 Rxc8 14. Bxf6 Qxf6
15. O-O Rd8 16. Nf4 Bxc3 17. bxc3 Na6 18. Rfb1 b6 19. f3 Nc7 20. Qd2 Re8 21.
Re1 Qf5 22. g4 Qg5 23. Qf2 Re7 24. h4 Qf6 25. Re2 b5 26. Qg3 Rae8 27. Rae1 Qc6
28. g5 a5 29. a3 Kh7 30. Kf2 Qb6 31. Qg4 Qd6 32. Rg1 Kh8 33. Qh5 Rb8 34. gxh6
Qxh6 35. Rg5 Qxh5 36. Rxh5+ Kg8 37. Nxd5 Nxd5 38. Rxd5 b4 39. axb4 axb4 40.
cxb4 Rxb4 41. Rc5 Re6 42. f4 Kf8 43. Kf3 g6 44. h5 gxh5 45. Rxh5 Rc6 46. Rc2
Ke7 47. f5 Rb1 48. Rhh2 Rc8 49. Rc3 Rf1+ 50. Rf2 Rd1 51. Ra2 Rf1+ 52. Ke4 Kf6
53. Ra5 Kg5 54. Rc2 Rg1 55. Rc5 Re8+ 56. Re5 Rc8 57. Rc3 Rf1 58. Rc5 Re8+ 59.
Re5 Rc8 60. Rc5 1/2-1/2

[Event "Asian Open Men"]
[Site "Ho Chi Minh"]
[Date "2012.05.13"]
[Round "9"]
[Board "7"]
[White "Xiu, Deshun"]
[Black "Venkatesh, M R"]
[Result "1/2-1/2"]
[WhiteElo "2494"]
[BlackElo "2517"]
[PlyCount "60"]
[EventDate "2012.05.05"]
[EventRounds "9"]
[EventCountry "VIE"]

1. c4 Nf6 2. Nc3 c5 3. Nf3 Nc6 4. d4 cxd4 5. Nxd4 g6 6. e4 Bg7 7. Be3 d6 8. Be2
O-O 9. O-O Bd7 10. Nc2 Rc8 11. f3 Ne5 12. b3 a6 13. a4 Nc6 14. Qd2 Be6 15. Rab1
Nd7 16. Nd5 a5 17. Nf4 Nc5 18. Rfd1 Qb6 19. Na3 Qb4 20. Nb5 Qxd2 21. Rxd2 Nb4
22. Nxe6 fxe6 23. Na7 Rc7 24. Nb5 Rcc8 25. Na7 Rc7 26. Nb5 Rcc8 27. Na7 Rc7 28.
Nb5 Rcc8 29. Na7 Rc7 30. Nb5 Rcc8 1/2-1/2

[Event "Asian Open Men"]
[Site "Ho Chi Minh"]
[Date "2012.05.13"]
[Round "9"]
[Board "8"]
[White "Ma, Qun"]
[Black "Gundavaa, Bayarsaikhan"]
[Result "1/2-1/2"]
[WhiteElo "2481"]
[BlackElo "2516"]
[PlyCount "60"]
[EventDate "2012.05.05"]
[EventRounds "9"]
[EventCountry "VIE"]

1. e4 c5 2. Nf3 g6 3. d4 cxd4 4. Nxd4 Nc6 5. c4 Nf6 6. Nc3 d6 7. Be2 Nxd4 8.
Qxd4 Bg7 9. Be3 O-O 10. Qd2 a5 11. O-O a4 12. Rad1 Qa5 13. Bd4 Bd7 14. Bxf6
Bxf6 15. Nd5 Qxd2 16. Rxd2 Kg7 17. Nb6 Rad8 18. Nxd7 Rxd7 19. c5 Rc7 20. cxd6
exd6 21. g3 Re8 22. Bd3 Rc5 23. f4 b5 24. Kg2 b4 25. Kf3 Rec8 26. Rb1 R8c6 27.
b3 a3 28. Bc4 Be7 29. Rbd1 h5 30. Rd5 Rc7 1/2-1/2

[Event "Asian Open Men"]
[Site "Ho Chi Minh"]
[Date "2012.05.13"]
[Round "9"]
[Board "9"]
[White "Wen, Yang"]
[Black "Gopal, G N"]
[Result "1-0"]
[WhiteElo "2550"]
[BlackElo "2562"]
[PlyCount "89"]
[EventDate "2012.05.05"]
[EventRounds "9"]
[EventCountry "VIE"]

1. d4 Nf6 2. c4 g6 3. f3 Nc6 4. d5 Ne5 5. e4 d6 6. Nc3 Bg7 7. f4 Ned7 8. Nh3
O-O 9. Be2 c6 10. Nf2 cxd5 11. cxd5 b5 12. Bxb5 Rb8 13. O-O Nc5 14. Be2 Nfd7
15. Nb5 Qb6 16. Be3 Ba6 17. a4 Bxb2 18. Rb1 Bg7 19. Qd2 Bxb5 20. Bxb5 Qc7 21.
Rbc1 Qd8 22. Qe2 Qa5 23. e5 Rfc8 24. Rc2 a6 25. Bc6 Qd8 26. Rd1 Qa5 27. h4 Rd8
28. h5 Qb4 29. hxg6 hxg6 30. e6 Nf6 31. exf7+ Kxf7 32. Bxc5 dxc5 33. Nh3 Rd6
34. Ng5+ Kg8 35. Qxe7 Qxf4 36. Ne6 Qe3+ 37. Rf2 Bh8 38. Rdf1 Rbd8 39. Qc7 R6d7
40. Bxd7 Rxd7 41. Qc8+ Kh7 42. Nf8+ Kg7 43. Nxd7 Ne4 44. Qf8+ Kh7 45. Qf7+ 1-0

[Event "Asian Open Men"]
[Site "Ho Chi Minh"]
[Date "2012.05.13"]
[Round "9"]
[Board "10"]
[White "Cao, Sang"]
[Black "Liu, Qingnan"]
[Result "0-1"]
[WhiteElo "2513"]
[BlackElo "2483"]
[PlyCount "72"]
[EventDate "2012.05.05"]
[EventRounds "9"]
[EventCountry "VIE"]

1. e4 c5 2. Nf3 d6 3. Nc3 Nf6 4. Bb5+ Nbd7 5. e5 dxe5 6. Nxe5 a6 7. Nxd7 Nxd7
8. Be2 Ne5 9. d3 Nc6 10. Be3 e6 11. O-O Be7 12. Bf3 Nd4 13. Ne4 O-O 14. c3
Nxf3+ 15. Qxf3 f5 16. Nxc5 f4 17. Bd4 e5 18. Bxe5 Bxc5 19. Rfe1 Rf7 20. d4 Bf8
21. c4 Bf5 22. b3 Bb4 23. Rec1 Ba3 24. Re1 Qd7 25. h3 Bb4 26. Re2 Re8 27. Rd1
Bg6 28. d5 Rfe7 29. Qxf4 Bd6 30. Rde1 Rxe5 31. Rxe5 Rxe5 32. Rxe5 Qc7 33. c5
Bxe5 34. Qg4 Bf6 35. b4 Qe5 36. d6 Bf5 0-1

[Event "Asian Open Men"]
[Site "Ho Chi Minh"]
[Date "2012.05.13"]
[Round "9"]
[Board "11"]
[White "Wang, Chen"]
[Black "Nguyen, Van Huy"]
[Result "1/2-1/2"]
[WhiteElo "2482"]
[BlackElo "2502"]
[PlyCount "66"]
[EventDate "2012.05.05"]
[EventRounds "9"]
[EventCountry "VIE"]

1. e4 c5 2. Nf3 e6 3. b3 Nf6 4. e5 Nd5 5. Nc3 d6 6. Ne4 dxe5 7. Nxe5 Nd7 8. Bb2
Nxe5 9. Bxe5 Bd7 10. g3 Bc6 11. Bg2 Rc8 12. O-O Nf6 13. Nxf6+ gxf6 14. Bxc6+
Rxc6 15. Bb2 h5 16. Qf3 Be7 17. Rad1 Qd5 18. Qxd5 exd5 19. h4 Kd7 20. Rde1 Re6
21. Re3 Rxe3 22. fxe3 Ke6 23. e4 d4 24. d3 Bd6 25. Kg2 b5 26. b4 Be5 27. bxc5
Rc8 28. Rf2 Rxc5 29. Ba3 Rc8 30. Bb4 Rg8 31. Rf3 Rc8 32. Rf2 Rg8 33. Rf3 Rc8
1/2-1/2

[Event "Asian Open Men"]
[Site "Ho Chi Minh"]
[Date "2012.05.13"]
[Round "9"]
[Board "12"]
[White "Paragua, Mark"]
[Black "Lu, Shanglei"]
[Result "0-1"]
[WhiteElo "2521"]
[BlackElo "2522"]
[PlyCount "100"]
[EventDate "2012.05.05"]
[EventRounds "9"]
[EventCountry "VIE"]

1. e4 c5 2. Nf3 d6 3. d4 cxd4 4. Nxd4 Nf6 5. Nc3 g6 6. Be3 Bg7 7. f3 Nc6 8. Qd2
O-O 9. O-O-O d5 10. Kb1 Nxd4 11. e5 Nf5 12. exf6 exf6 13. Bc5 d4 14. Bxf8 Qxf8
15. Nb5 Ne3 16. Rc1 Bh6 17. f4 Bxf4 18. Qxd4 Bh6 19. Nc7 Rb8 20. Qxa7 Bd7 21.
Re1 Qd8 22. Bb5 Qxc7 23. Bxd7 Qxc2+ 24. Ka1 Rd8 25. Qxb7 Qc4 26. Rc1 Nc2+ 27.
Kb1 Bxc1 28. Rxc1 Na3+ 29. bxa3 Qd3+ 30. Kb2 Rxd7 31. Qb4 Qe2+ 32. Rc2 Qe5+ 33.
Qc3 Qb8+ 34. Kc1 Kg7 35. g3 Qa8 36. Kb2 Qe4 37. Rc1 Qe2+ 38. Rc2 Qe4 39. Rc1
Qg2+ 40. Rc2 Rb7+ 41. Ka1 Qg1+ 42. Rc1 Qxh2 43. a4 Qe2 44. Re1 Qa6 45. Re4 h5
46. a3 Rd7 47. Rc4 Rd1+ 48. Ka2 Qb7 49. Rb4 Qd5+ 50. Rb3 Rd4 0-1

[Event "Asian Open Men"]
[Site "Ho Chi Minh"]
[Date "2012.05.13"]
[Round "9"]
[Board "13"]
[White "Gao, Rui"]
[Black "Kuderinov, Kirill"]
[Result "1/2-1/2"]
[WhiteElo "2427"]
[BlackElo "2493"]
[PlyCount "62"]
[EventDate "2012.05.05"]
[EventRounds "9"]
[EventCountry "VIE"]

1. e4 e5 2. Nf3 Nc6 3. Bb5 Nf6 4. d3 Bc5 5. c3 O-O 6. O-O d6 7. Nbd2 Bb6 8. Nc4
h6 9. h3 Ne7 10. Ba4 Ng6 11. Nxb6 axb6 12. Bc2 Re8 13. Re1 Nh7 14. Nh2 Qf6 15.
Ng4 Bxg4 16. Qxg4 Qh4 17. Qxh4 Nxh4 18. f4 Ng6 19. Rf1 Nxf4 20. Bxf4 exf4 21.
Rxf4 Ng5 22. Bb3 Ne6 23. Bxe6 fxe6 24. a3 e5 25. Rf3 Rf8 26. Raf1 b5 27. R1f2
Rxf3 28. Rxf3 Rf8 29. Kf2 Rxf3+ 30. Kxf3 Kf7 31. Kg4 Kg6 1/2-1/2

[Event "Asian Open Men"]
[Site "Ho Chi Minh"]
[Date "2012.05.13"]
[Round "9"]
[Board "14"]
[White "Megaranto, Susanto"]
[Black "Yu, Ruiyuan"]
[Result "1/2-1/2"]
[WhiteElo "2517"]
[BlackElo "2511"]
[PlyCount "114"]
[EventDate "2012.05.05"]
[EventRounds "9"]
[EventCountry "VIE"]

1. d4 d5 2. Nf3 Nf6 3. c4 c6 4. cxd5 cxd5 5. Nc3 Nc6 6. Bf4 Bf5 7. e3 e6 8. Bd3
Bxd3 9. Qxd3 Bd6 10. Bg5 O-O 11. O-O Rc8 12. Rac1 Be7 13. Bxf6 Bxf6 14. Qb5 Qd7
15. Na4 Ne5 16. Qxd7 Nxd7 17. Nd2 Be7 18. Nb1 Rfd8 19. Nac3 Kf8 20. Ne2 Bd6 21.
Rxc8 Rxc8 22. Rc1 Rxc1+ 23. Nxc1 Ke7 24. h3 a6 25. Kf1 Bc7 26. Ke2 Kd6 27. Nd3
Kc6 28. Nd2 Kd6 29. Nb1 Kc6 30. Nd2 f6 31. Kd1 Kd6 32. Ke2 Bb6 33. h4 e5 34.
dxe5+ fxe5 35. e4 Bd8 36. g3 Ba5 37. exd5 Kxd5 38. Nf1 g6 39. Ne3+ Ke6 40. Nc4
Bc7 41. Nd2 Kd5 42. Nb4+ Kc5 43. Nc2 Nf6 44. Kd3 Kd5 45. Ne3+ Ke6 46. Ne4 Nxe4
47. Kxe4 Bb6 48. f3 Bd4 49. b3 Bc3 50. g4 h5 51. gxh5 gxh5 52. f4 exf4 53. Ng2
Bf6 54. Nxf4+ Kd6 55. Nxh5 Bxh4 56. Nf4 Kc5 57. Nd3+ Kc6 1/2-1/2

[Event "Asian Open Men"]
[Site "Ho Chi Minh"]
[Date "2012.05.13"]
[Round "9"]
[Board "15"]
[White "Zhou, Jianchao"]
[Black "Dao, Thien Hai"]
[Result "1/2-1/2"]
[WhiteElo "2609"]
[BlackElo "2514"]
[PlyCount "74"]
[EventDate "2012.05.05"]
[EventRounds "9"]
[EventCountry "VIE"]

1. c4 c5 2. Nf3 Nc6 3. Nc3 Nf6 4. g3 g6 5. Bg2 Bg7 6. d4 cxd4 7. Nxd4 O-O 8.
O-O Nxd4 9. Qxd4 d6 10. Qd3 Rb8 11. c5 dxc5 12. Qxd8 Rxd8 13. Bf4 Ra8 14. Rfd1
Rf8 15. Be3 c4 16. Bc5 Bf5 17. Bxe7 Rfe8 18. Bb4 Ne4 19. Nxe4 Bxe4 20. Bxe4
Rxe4 21. Rd2 Rae8 22. e3 Bf8 23. Bc3 Bg7 24. a4 R4e6 25. a5 Ra6 26. Rd5 Rc8 27.
g4 Bxc3 28. bxc3 Kf8 29. Kg2 Ke7 30. Kf3 Rf6+ 31. Ke2 Rd6 32. Rb5 Rc7 33. Rab1
Rdd7 34. h4 Kd8 35. R1b2 Kc8 36. Rd2 Rxd2+ 37. Kxd2 Kd7 1/2-1/2

[Event "Asian Open Men"]
[Site "Ho Chi Minh"]
[Date "2012.05.13"]
[Round "9"]
[Board "16"]
[White "Nguyen, Anh Dung"]
[Black "Ghaem, Maghami Ehsan"]
[Result "1/2-1/2"]
[WhiteElo "2440"]
[BlackElo "2579"]
[PlyCount "60"]
[EventDate "2012.05.05"]
[EventRounds "9"]
[EventCountry "VIE"]

1. d4 Nf6 2. c4 e6 3. Nf3 c5 4. Nc3 cxd4 5. Nxd4 Bb4 6. Bd2 O-O 7. e3 Nc6 8.
Be2 d5 9. cxd5 exd5 10. O-O Re8 11. Rc1 Bd7 12. Nxc6 bxc6 13. Na4 Bd6 14. Nc5
Bxc5 15. Rxc5 Ne4 16. Ra5 Re6 17. Bf3 Rh6 18. g3 Bh3 19. Re1 Qd7 20. Bc3 Ng5
21. e4 Be6 22. Bg2 Nxe4 23. Bxe4 dxe4 24. Qxd7 Bxd7 25. Rxe4 Rd6 26. Rd4 Rxd4
27. Bxd4 a6 28. f3 f6 29. Kf2 Kf7 30. h4 h6 1/2-1/2

[Event "Asian Open Men"]
[Site "Ho Chi Minh"]
[Date "2012.05.13"]
[Round "9"]
[Board "17"]
[White "Nguyen, Duc Hoa"]
[Black "Gupta, Abhijeet"]
[Result "1-0"]
[WhiteElo "2496"]
[BlackElo "2644"]
[PlyCount "119"]
[EventDate "2012.05.05"]
[EventRounds "9"]
[EventCountry "VIE"]

1. d4 Nf6 2. c4 e6 3. Nf3 d5 4. g3 dxc4 5. Qa4+ c6 6. Qxc4 b5 7. Qc2 Bb7 8. Bg2
Nbd7 9. Nc3 a6 10. Ne5 Nxe5 11. dxe5 Nd7 12. Bf4 Qc7 13. O-O Be7 14. Ne4 O-O
15. Rfd1 Rfd8 16. Nf6+ Bxf6 17. exf6 e5 18. Qf5 Nxf6 19. Bxe5 Qe7 20. Bxf6 Qxf6
21. Qxf6 gxf6 22. Kf1 Kf8 23. Ke1 Ke7 24. Rac1 Rxd1+ 25. Kxd1 Rd8+ 26. Ke1 Kd6
27. Rc3 Rb8 28. Rf3 Ke7 29. Rf5 Bc8 30. Rh5 Be6 31. Bxc6 Bxa2 32. Be4 a5 33.
Bxh7 a4 34. Bd3 b4 35. Ra5 Bb3 36. h4 Kf8 37. Kd2 Kg7 38. f4 Rb6 39. g4 Rb8 40.
Ra6 Rb7 41. g5 fxg5 42. fxg5 Rb8 43. h5 Kg8 44. h6 Kh8 45. Ke3 Re8+ 46. Kd2 Rb8
47. Ra5 Kg8 48. Ra7 Kh8 49. Ke3 Kg8 50. Kd4 Kh8 51. Kc5 Kg8 52. Bb5 a3 53. bxa3
bxa3 54. Rxa3 Be6 55. Bd3 Rd8 56. Kc6 Kh8 57. Be4 Bg4 58. e3 Bh5 59. Kc7 Re8
60. Ra8 1-0